00697nam a2200229Ia 4500008004100000020002200041050001800063050001800081100001700099245004300116245001600159260001300175260002400188260000900212300001500221300003300236300001100269650002800280650001300308999001900321952012700340160819s9999 xx 000 0 und d a978-971-8563-53-3 aCUL TX 725.A1 b.Y68 2007 c.1 aYoung, Noel. aYour favorite international cuisines / cNoel Young. a[s.l.] : bWorld Links Books., c2007 a72 pages : billustrations (some color) ; c22 cm. aCookery, International. xCookery. c300690d300690 001040aSMCbSMCcCULd2011-02-14g125.00l0oCUL TX 725.A1 .Y68 2007 c.1pSMC05409r2016-08-19 00:00:00w2016-08-19yBK